00730 2200265 4500001002100000005001500021035002000036007000300056008004100059020001800100082001000118084001600128100002800144245009800172250001100270260003200281300003200313650001800345700001700363700001600380700001600396520003000412990001100442990001100453INLIS00000000000356220190627123115 a0010-0619000106ta190627 g 0 ind  a602-317-116-8 a297.5 a297.5 MUH w0 aMUHAMMAD, As' ad Mahmud1 aWajib untuk Dibaca /cMuhammad As' ad Mahmud; penyunting, Syaiful M.H, Erlina Z.Z, Endang R.M acet.1q aSurakarta :bAl-Quds,c2015 a325 hlm. :bilus. ;c23 cm. 4aISLAM. AKHLAK0 aSYAIFUL, M.H0 aERLINA, Z.Z0 aENDANG, R.M aBibliografi: hlm. 323-325 a6836 a a6836 b